World weather and climate /

Bibliographic Details
Main Author: Riley, Denis, 1913-
Other Authors: Spolton, Lewis
Format: Book
Language:English
Published: Cambridge ; New York : Cambridge University Press, 1981.
Edition:2nd ed.
Subjects:

MARC

Tag First Indicator Second Indicator Subfields
LEADER 00000pam a2200000 a 4500
001 in00000076154
005 20151008060444.0
008 810407s1981 enkab 00110 eng
010 |a  81003853  
020 |a 0521284422 (pbk.) :  |c $9.00 (est.) 
035 |a (OCoLC)07462037 
035 |9 AAJ5788AM 
039 0 |a 2  |b 3  |c 3  |d 3  |e 3 
040 |a DLC  |c DLC  |d TXA  |d UtOrBLW 
049 |a TXAM  |c [1673020] 
050 0 0 |a QC981  |b .R55 1981 
082 0 |a 551.5  |2 19 
100 1 |a Riley, Denis,  |d 1913- 
245 1 0 |a World weather and climate /  |c Denis Riley, Lewis Spolton. 
250 |a 2nd ed. 
264 1 |a Cambridge ;  |a New York :  |b Cambridge University Press,  |c 1981. 
300 |a 127 pages :  |b illustrations, maps ;  |c 26 cm. 
336 |a text  |b txt  |2 rdacontent 
337 |a unmediated  |b n  |2 rdamedia 
338 |a volume  |b nc  |2 rdacarrier 
500 |a Includes index. 
650 0 |a Climatology. 
650 0 |a Weather. 
700 1 |a Spolton, Lewis. 
999 |a MARS 
999 f f |s 7767aaf9-9d7d-371c-8410-929aa1cb4ad2  |i 95ea1301-c3a9-38c3-98ec-f216fd81ef12  |t 0 
952 f f |p normal  |a Texas A&M University  |b College Station  |c Sterling C. Evans Library  |d Evans: Library Stacks  |t 0  |e QC981 .R55 1981  |h Library of Congress classification  |i unmediated -- volume  |m A14806210163 
998 f f |a QC981 .R55 1981  |t 0  |l Evans: Library Stacks